Engineering optimization: Methods and applications (Record no. 2152)

MARC details
000 -LEADER
fixed length control field 00473nam a2200181Ia 4500
008 - FIXED-LENGTH DATA ELEMENTS--GENERAL INFORMATION
fixed length control field 130318s9999 xx 000 0 und d
020 ## - INTERNATIONAL STANDARD BOOK NUMBER
International Standard Book Number 8126509333
082 ## - DEWEY DECIMAL CLASSIFICATION NUMBER
Classification number 620.0042 RAV/E
100 ## - MAIN ENTRY--PERSONAL NAME
Personal name Ravindran, A
245 ## - TITLE STATEMENT
Title Engineering optimization: Methods and applications
250 ## - EDITION STATEMENT
Edition statement 2
260 ## - PUBLICATION, DISTRIBUTION, ETC.
Name of publisher, distributor, etc. Wiley
Place of publication, distribution, etc. New Delhi
Date of publication, distribution, etc. 2006
300 ## - PHYSICAL DESCRIPTION
Extent 667
650 ## - SUBJECT ADDED ENTRY--TOPICAL TERM
Topical term or geographic name entry element ENGINEERING DESIGN
650 ## - SUBJECT ADDED ENTRY--TOPICAL TERM
Topical term or geographic name entry element ENGINEERING OPTIMIZATION
700 ## - ADDED ENTRY--PERSONAL NAME
Personal name Ragsdell, KM
700 ## - ADDED ENTRY--PERSONAL NAME
Personal name Reklaitis, G.V
Holdings
Withdrawn status Lost status Damaged status Not for loan Collection code Home library Current library Shelving location Date acquired Cost, normal purchase price Total Checkouts Full call number Barcode Date last seen Date last checked out Price effective from Koha item type
        AutoCAD Kerala University of Digital Sciences, Innovation and Technology Knowledge Centre Kerala University of Digital Sciences, Innovation and Technology Knowledge Centre Medicine 18/03/2013 284.00 1 620.0042 RAV/E 2169 10/10/2023 10/06/2023 18/03/2013 Books